000 00597pam a2200169 a 4500
020 _a0821302647 (pbk.)
040 _cDLC
082 0 0 _a338 WOR 1984 A010 Or.
100 1 _aTan, C. Suan
245 1 0 _aWorld rubber market structure and stabilisation :
_ban econometric study /
260 _aWashington, D.C., U.S.A. :
_bWorld Bank,
_cc1984.
300 _axxiv, 395 p. :
_bill. ;
_c29 cm.
500 _aAbstract in English, French, and Spanish.
500 _aOriginally presented as the author's thesis (Ph. D.--Australian National University)
650 0 _aRubber industry and trade
942 _cEK
999 _c13826
_d13826